| 000 | 00629nam a22002177a 4500 | ||
|---|---|---|---|
| 003 | OSt | ||
| 005 | 20150519182125.0 | ||
| 008 | 150519b xxu||||| |||| 00| 0 eng d | ||
| 020 | _a0727908618 | ||
| 040 | _cDNLM | ||
| 082 | _aWW 100 E32h 1997 | ||
| 100 |
_aCheng Hung _94698 |
||
| 245 |
_aEmergency Ophthalmology: _bAsymptom based guide to diagnosis and early management / _cHung Cheng |
||
| 260 |
_aLondon: _bBMJ Publishing Group; _c1997. |
||
| 300 |
_aix, 334 P : _bcol.ill; _c25 cm. |
||
| 504 | _aIncludes index | ||
| 650 |
_aCheng Hung _94699 |
||
| 700 |
_aBurdon M A _94700 |
||
| 700 |
_a[et...al] _9867 |
||
| 942 |
_2z _cSLOAN |
||
| 999 |
_c1789 _d1789 |
||